Resident Evil 0 Quiz - Statistics

General Stats
  • This quiz has been taken 52 times
  • The average score is 13 of 70
Answer Stats
Hint Answer % Correct
The Year That This Game Is Set In 1998
95%
The First Playable Character Rebecca Chambers
93%
The Second Playable Character Billy Coen
80%
Who Is The Main Antagonist? James Marcus
41%
Which Character Appears In This Game and Resident Evil Remake? Albert Wesker
39%
How Old Is #2 In This Game? 18
34%
The Weapon That Rebecca Finds When #3 Disappears Magnum
34%
Which Character Appears In This Game And Resident Evil 2? William Birkin
34%
How Old Is #3 In This Game? 26
32%
The Items That Allow You To Save Your Game In Combination With A Typewriter Ink Ribbon
32%
The Best Weapon In The Game For Ensuring A Zombie Loses Its Head Shotgun
32%
How Many People Did #3 Kill According To #28 23
30%
What Is The Second Boss Of The Game? Centipede
30%
The Dogs That Have Been Infected With The T Virus Cerberus
30%
What Item Is Exclusive To #3 Lighter
30%
The First Boss Of The Game Scorpion
30%
What Year Was The Game Released In? 2002
27%
The Weapon That You Find Before You Fight #23 Grenade Launcher
27%
The Creatures That Kill Two Umbrella Soldiers Leeches
27%
What Role Has #2 Been Assigned To While Working Within STARS Medic
27%
What Is The Second Area Of The Game? Training Facility
27%
Which Character Appears In This Game And Resident Evil Remake (Asks #2 If She Is Okay) Enrico Marini
25%
The Most Frustrating Item To Carry Around In The Game (Takes Up Two Item Slots) Hookshot
25%
Which Area Is Specified For The Bizarre Murders Taking Place? Arklay Mountains
23%
The First Area Of The Game Ecliptic Express
23%
What Is The Name Of The Final Boss Which Transforms Queen Leech
23%
The Item That Is Found Before You Fight The Above (Helps #2 Get Out Of A Room) Ice Pick
18%
The Extra Mode That Allows You To Unlock A Weapon For A B Rank Leech Hunter
18%
The Weapon Which Is Found Just Before Fighting #12. Hunting Gun
16%
The Weapon That #3 Has In His Inventory When You First Play As Him Knife
16%
A Weapon That Can Be Created By Combining Empty Bottles And A Gas Tank Molotov Cocktails
16%
What Ammo Type Is Used For The Above? Shotgun Shells
16%
Which Aspect Of The Game Was Praised A Lot? Graphics
14%
Item That Is Found In The Kitchen Which Fills #3s Exclusive Item Lighter Fluid
14%
Which Virus Did He Create? Progenitor
14%
Which Character Dies Not Long After #2 Begins Their Exploration Of The First Level? Edward Dewey
11%
The Enemies That Are Linked To Monkeys Being Infected With The T Virus Eliminators
11%
Which Key Do You Find In The Training Facility? (Burns Things) Fire Key
11%
The Second Key That Is The Opposite To #24 Water Key
11%
The Third Boss Of The Game Infected Bat
9%
The Creature That #2 Fights Which Has A Claw Proto Tyrant
9%
The Final Type Of Ammo Which Is Available For #30 Acid Grenades
7%
The Item That Helps You Escape The Train Blue Keycard
7%
Which Zombie Do You Or Should Take Out As Soon As The Game Begins Conductor
7%
After Obtaining And Using The Handgun Parts Which Weapon Do You Create? Custom Handgun
7%
Which Enemies Are Notorious For Poisoning You? Giant Spiders
7%
The First Type Of Ammo Which Is Available For The Above? Grenades
7%
The Item That You Find After Defeating #12 Panel Opener
7%
The Device That #2 and #3 Use To Send Items To Each Other In The Train Dumbwaiter
5%
The Infamous Key Item Within #22 Which Is Essential For A Clock Puzzle Iron Needle
5%
The Key Item Which Allows You To Obtain The Handgun Parts Which Are Inside A Duralumin Case Locker Key
5%
Which Card Do You Also Pick Up When You Are Completing The First Level (It Is Mainly Grey) Magnetic Card
5%
The Second Type Of Ammo Which Is Available For #30 Napalm Grenades
5%
Which System Was This Game Responsible For Establishing? Partner
5%
The Insects That Are Vulnerable To Various Weapons Plague Crawlers
5%
Opposite Of The Above Statue Of Evil
5%
A Statue Which Is Required For A Painting To Slide Open Statue Of Good
5%
The Weapon That Can Be Unlocked By Finishing The Main Game With An A Rank Submachine Gun
5%
The Text That Appears On The Screen When You Enter #4 The Door To Safety Is Shut There Is No Turning Back
5%
Which Area Is Famous For Initiating The First Hunter Battle? Battle Sequence Room
2%
Why Does #2 Remind You Of Ashley Graham? Billy Help!
2%
Which Handgun Is More Powerful? Billy's
2%
What Is The Difference Between #18 and #34 Capacity
2%
Key Item That You Obtain In #4 Dining Car Key
2%
The Enemies That Are Vulnerable To Fire Humanoid Leeches
2%
What Is The Name Of This Weapon? Magnum Revolver
2%
Which Areas Did The Main Antagonist Contaminate With The T Virus? Mansion, Laboratory, Train
2%
Which File Mentions The Weakness Of The First Boss? Passenger's Diary
2%
Which Area Of The Game Has The Most Zombies In It? Pump Room
2%
A Completely New Ammo Type Which Is Unlocked By Earning a E Rank In #43 Submachine Gun Ammo
2%
No matching quizzes found
Score Distribution
Percent of People with Each Score
Percentile by Number Answered
Your Score History
You have not taken this quiz